Post-independence India / (Record no. 101131)

MARC details
000 -LEADER
fixed length control field 00646nam a22002057a 4500
005 - DATE AND TIME OF LATEST TRANSACTION
control field 20160704115354.0
010 ## - LCCN (DPL NO)
LC control number ENG-115365
020 ## - INTERNATIONAL STANDARD BOOK NUMBER
International Standard Book Number 9788178441603
Terms of availability 1875.00
035 ## - SYSTEM CONTROL NUMBER
System control number EN-98897
037 ## - SOURCE OF ACQUISITION
Source of stock number/acquisition DBAD/PUB
082 ## - DEWEY DECIMAL CLASSIFICATION NUMBER
Classification number 954.04
245 ## - TITLE STATEMENT
Title Post-independence India /
Statement of responsibility, etc edited by Muzaffar H. Syed
260 ## - PUBLICATION, DISTRIBUTION, ETC. (IMPRINT)
Place of publication, distribution, etc New Delhi
Name of publisher, distributor, etc K.K. Publications
Date of publication, distribution, etc 2014
270 ## - ADDRESS
Address 4806/24,Bharat Ram Road,Daryaganj
City New Delhi
Postal code 110002
300 ## - PHYSICAL DESCRIPTION
Extent 418p.
Dimensions 22cm(Hb)
490 ## - SERIES STATEMENT
Series statement History of Indian nation-4
500 ## - GENERAL NOTE
General note Includes bibliographical references and index
700 ## - ADDED ENTRY--PERSONAL NAME
Personal name Syed, Muzaffar H.
942 ## - ADDED ENTRY ELEMENTS (KOHA)
Source of classification or shelving scheme Dewey Decimal Classification
Item type English Books
Call number suffix SYE
Classification part 954.04
Holdings
Withdrawn status Lost status Not for loan Collection code Home library Current library Date acquired Source of acquisition Cost, normal purchase price Full call number Barcode Copy number Cost, replacement price Koha item type
    Not For Loan Non-fiction D.B.Act.Division Bawana 04/07/2016 DBAD/PUB 1875.00 954.04 SYE EN-98897 1 1875.00 English Books

© Delhi Public Library
Hit Counter
free hit counter